| 000 | 01354cam a2200277 i 4500 | ||
|---|---|---|---|
| 003 | SA-RiAUC | ||
| 005 | 20241008132431.0 | ||
| 008 | 241005s1982 ti g 000 0 ara c | ||
| 040 |
_aJO-AmJU _bara _cSA-RiAUC _erda |
||
| 043 |
_af-ua--- _af-mr--- |
||
| 082 | 0 | 4 | _a953.0962 |
| 090 |
_a953.0962 _bع ب د |
||
| 100 | 1 |
_aعبد الرحيم، عبد الرحيم عبد الرحمن، _d1936-2005 _eمؤلف. |
|
| 245 | 1 | 2 |
_aالمغاربة في مصر في العصر العثماني، 1516-1798 : _bدراسة في تأثير الجالية المغربية من خلال وثائق المحاكم الشرعية المصرية / _cعبد الرحيم عبد الرحمن عبد الرحيم. |
| 264 | 1 |
_aتونس : _bالمجلة التاريخية المغربية، _c1982 |
|
| 300 | _a208 صفحة | ||
| 336 |
_aنص _btxt _2rdacontent _3كتاب |
||
| 337 |
_aبدون وسيط _bn _2rdamedia |
||
| 338 |
_aمجلد _bnc _2rdacarrier |
||
| 650 | 7 |
_aالمغاربة _zمصر _2aucsh |
|
| 650 | 7 |
_aالأجانب _zمصر _yالحكم العثماني، 1517-1882 _2aucsh |
|
| 651 | 7 |
_aمصر _xأحوال اجتماعية _yالحكم العثماني، 1517-1882 _2aucsh |
|
| 651 | 7 |
_aالمغرب _xنزوح وهجرة _zمصر _yالحكم العثماني، 1517-1882 _2aucsh |
|
| 942 |
_2ddc _cBOOK _n0 |
||
| 949 |
_aSA-JeALM _d241005 _umohamedma123 _n1 |
||
| 999 |
_c908 _d908 |
||